000 00763nam a2200265Ia 4500
003 OSt
005 20221007064331.0
006 a|||||r|||| 00| 0
007 ta
008 221006b |||||||| |||| 00| 0 eng d
020 _a9789386826503
024 _a45,045
037 _cTextual
040 _aFLL
_cFLL
_beng
041 _2eng
_aeng
082 _aX7243.2, Q7
100 _aAgarwal Sanjiv
245 0 _aGoods and services tax
_b laws, concepts & impact analysis for traders and service providers
250 _a1st
260 _aDelhi
_bBloomsbury India
_c2017
300 _alvii,995p.
_ccm.
700 _a MALHOTRA Sanjeev
942 _hX7243.2, Q7
_cTEXL
_2CC
999 _c1133739
_d1133739